Tuixent y el Valle entre el Cadí y Port del Comte / por Jaime Castell
Publicado:
San Jorge, núm. 75 (3r trimestre 1969), pàg 18 - 23 :
MARC
| LEADER | 00000nam a2200000Ia 4500 | ||
|---|---|---|---|
| 001 | |||
| 008 | 160829s9999 xx 000 0 cat d | ||
| 100 | |a Castell, Jaume |9 33703 | ||
| 245 | |a Tuixent y el Valle entre el Cadí y Port del Comte / por Jaime Castell | ||
| 260 | |a San Jorge, núm. 75 (3r trimestre 1969), pàg 18 - 23 | ||
| 590 | |a Conté 7 fotografies | ||
| 650 | |a Tuixent |x Història |9 40278 | ||
| 650 | |a Port del Comte |9 40280 | ||
| 651 | 0 | |a Cadí, Serra de (Catalunya) |9 51666 | |
| 901 | |a Arxiu | ||
| 942 | |n 1 | ||
| 952 | |0 0 |1 0 |4 0 |7 1 |9 49543 |a Arxiu |b Arxiu |d 2016-12-01 |l 0 |r 2016-12-01 00:00:00 |w 2016-12-01 |y ARXIU | ||
| 999 | |c 53385 |d 53385 | ||